Ventaja competitiva: creación y sostenimiento de un desempeño superior
Gespeichert in:
| 1. Verfasser: | |
|---|---|
| Format: | Buch |
| Sprache: | Spanisch |
| Veröffentlicht: |
Ciudad de México
Patria Cultural
2002
|
| Ausgabe: | 2a. ed |
| Schlagworte: | |
| Tags: |
Tag hinzufügen
Keine Tags, Fügen Sie den ersten Tag hinzu!
|
MARC
| LEADER | 00000nam a2200000 a 4500 | ||
|---|---|---|---|
| 001 | UCK0668 | ||
| 003 | CL-VaPUC | ||
| 008 | 041015e20020000MX |||||||||||||||||spa|d | ||
| 020 | |a 9702402034 | ||
| 082 | 0 | 4 | |a 658.8 |b POR |2 21 |
| 100 | 0 | |a Porter, Michael E |e author |9 488590 | |
| 245 | 1 | 0 | |a Ventaja competitiva: creación y sostenimiento de un desempeño superior |
| 250 | |a 2a. ed | ||
| 300 | |a 556 p | ||
| 942 | |c BK | ||
| 945 | |d 20041015 00:00:00 |a cmena | ||
| 260 | |a Ciudad de México |b Patria Cultural |c 2002 | ||
| 650 | 0 | |a Gestión de la producción |9 259467 | |
| 650 | 0 | |a Productividad |9 335972 | |
| 650 | 0 | |a Competitividad |9 308495 | |
| 650 | 0 | |a Planificación estratégica |9 259735 | |
| 583 | |a last modification |c 20140409 05:25:23 |k Rodrigo Vera | ||
| 999 | |c 311003 |d 311001 | ||
| 952 | |0 0 |1 0 |4 0 |6 658_800000000000000_POR_2002 |7 0 |8 A |9 380158 |a BIBING |b BIBING |d 2019-11-21 |i 4072537 |o 658.8 POR 2002 |p 4072537 |r 2025-01-20 |w 2019-11-21 |y BK |k EII | ||
| 952 | |0 0 |1 0 |4 0 |6 658_800000000000000_POR_2002 |7 0 |8 A |9 380159 |a BIBING |b BIBING |d 2019-11-21 |i 4072545 |o 658.8 POR 2002 |p 4072545 |r 2025-01-20 |w 2019-11-21 |y BK |k EII | ||
| 952 | |0 0 |1 0 |4 0 |6 658_800000000000000_POR_2002 |7 0 |8 A |9 380160 |a BIBING |b BIBING |d 2019-11-21 |i 4072553 |o 658.8 POR 2002 |p 4072553 |r 2025-01-20 |w 2019-11-21 |y BK |k EII | ||
| 952 | |0 0 |1 0 |4 0 |6 658_800000000000000_POR_2002 |7 0 |8 A |9 380161 |a BIBING |b BIBING |d 2019-11-21 |i 4072561 |o 658.8 POR 2002 |p 4072561 |r 2025-01-20 |w 2019-11-21 |y BK |k EII | ||
| 952 | |0 0 |1 0 |4 0 |6 658_800000000000000_POR_2002 |7 0 |8 A |9 380162 |a BIBING |b BIBING |d 2019-11-21 |i 407257K |o 658.8 POR 2002 |p 407257K |r 2025-01-20 |w 2019-11-21 |y BK |k EII | ||
| 952 | |0 0 |1 0 |4 0 |6 658_800000000000000_POR_2002 |7 0 |8 A |9 380163 |a BIBING |b BIBING |d 2019-11-21 |i 4095596 |o 658.8 POR 2002 |p 4095596 |r 2025-01-20 |w 2019-11-21 |y BK |k EII | ||
| 952 | |0 0 |1 0 |4 0 |6 658_800000000000000_POR_2002 |7 0 |8 A |9 380164 |a BIBING |b BIBING |d 2019-11-21 |i 409560K |o 658.8 POR 2002 |p 409560K |r 2025-01-20 |w 2019-11-21 |y BK |k EII | ||
| 952 | |0 0 |1 0 |4 0 |6 658_800000000000000_POR_2002 |7 0 |8 A |9 380165 |a BIBING |b BIBING |d 2019-11-21 |i 4095618 |o 658.8 POR 2002 |p 4095618 |r 2025-01-20 |w 2019-11-21 |y BK |k EII | ||
| 952 | |0 0 |1 0 |4 0 |6 658_800000000000000_POR_2002 |7 0 |8 A |9 380168 |a BIBING |b BIBING |d 2019-11-21 |i 4359593 |o 658.8 POR 2002 |p 4359593 |r 2025-01-20 |w 2019-11-21 |y BK |k CIC | ||